Library of the University of Algiers 3
Ibrahim Sultan Cheibout
شعار جامعة الجزائر 3
مكتبة جامعة الجزائر 3
إبراهيم سلطان شيبوط

قانون الأعمال : (رقم التسجيلة. 45708)

تفاصيل مارك
000 -LEADER
fixed length control field 01469nam a2200217Ia 4500
003 - CONTROL NUMBER IDENTIFIER
control field Ost
005 - DATE AND TIME OF LATEST TRANSACTION
control field 20260507075656.0
008 - FIXED-LENGTH DATA ELEMENTS--GENERAL INFORMATION
fixed length control field 260507s9999||||xx |||||||||||||| ||und||
040 ## - CATALOGING SOURCE
Transcribing agency fsecg
041 ## - LANGUAGE CODE
Language code of text/sound track or separate title ara
082 ## - DEWEY DECIMAL CLASSIFICATION NUMBER
Classification number 346.07
100 ## - MAIN ENTRY--PERSONAL NAME
Personal name أبو صالح، سامي عبد الباقي
Relator term مؤلف
245 #0 - TITLE STATEMENT
Title قانون الأعمال :
Remainder of title مقدمة -النظرية العامة للشركات شركات الأشخاص /
Statement of responsibility, etc. سامي عبد الباقي أبو صالح
250 ## - EDITION STATEMENT
Edition statement طبعة 3
260 ## - PUBLICATION, DISTRIBUTION, ETC.
Place of publication, distribution, etc. القاهرة:
Name of publisher, distributor, etc. دار النهضة العربية,
Date of publication, distribution, etc. 2003
300 ## - PHYSICAL DESCRIPTION
Extent 284 صفحة؛
Other physical details إيضاحات ؛
Dimensions 24 سم
520 ## - SUMMARY, ETC.
Summary, etc. النظرية العامة للشركة، الشركة كعقد، الأركان الموضوعية العامة لعقد الشركة، الركن الثالث، الأركان الموضوعية الخاصة لعقد الشركة، الأركان التشكيلية لعقد الشركة، آثار تخلف أو تغييب أراكن عقد الشركة، الشركة كشخص معنوي، بدء الشحصية المعنوية للشركة ونهايتها، نتائج اكتساب الشركة للشخصية المعنوية، أسباب انقضاء الشركة، آثار انقضاء الشركة، شركات الأشخاص، شركة التضامن، شركة التوصية البسيطة، شركة المحاصلة.
653 ## - INDEX TERM--UNCONTROLLED
Uncontrolled term السندات
653 ## - INDEX TERM--UNCONTROLLED
Uncontrolled term الشركات
942 ## - ADDED ENTRY ELEMENTS (KOHA)
Koha item type كتب
المقتنيات
Withdrawn status Lost status Source of classification or shelving scheme Damaged status Not for loan Home library Current library Date acquired Serial enumeration / chronology Inventory number Total checkouts Full call number Barcode Date last seen Price effective from Koha item type
    Library of Congress Classification   NOT LOAN / إعارة داخلية مكتبة كلية العلوم الإقتصادية والعلوم التجارية وعلوم التسيير مكتبة كلية العلوم الإقتصادية والعلوم التجارية وعلوم التسيير 07/05/2026 الطابق الأرضي 025.21/200   أ/1852ن3 025.21/200 07/05/2026 07/05/2026 كتب

موارد الويب المفتوحة


© University of Algiers 3 All Rights Reserved
|
Implemented by LECHELAH Riad